000 00723nam a2200241Ia 4500
003 OSt
005 20220924115632.0
006 a|||||r|||| 00| 0
007 ta
008 220923b |||||||| |||| 00| 0 hin d
024 _a75033
037 _cTextual
040 _aARTS
_cARTS
_bhin
041 _2hin
_ahin
082 _aR66x1:g, 152M9 (P15)
100 _aSharma Ramamurthy
_9179047
245 0 _aSankaracarya
_b unke mayavad tatha anya siddhanton ka alocanatmak adhyayan
260 _aDelhi
_bEastern Book Linkers
_c1989
300 _axvi,276p.
_ccm.
650 _aADVAITA PHILOSOPHY
_9790
942 _hR66x1:g, 152M9 (P15)
_cTEXL
_2CC
999 _c399243
_d399243